| 000 | 00515nam a22001697a 4500 | ||
|---|---|---|---|
| 999 |
_c8739 _d8739 |
||
| 008 | 201211b ||||| |||| 00| 0 eng d | ||
| 040 | _aBMS College of Architecture | ||
| 100 | _aBidasaria, Rashmi | ||
| 245 | _aInterpretation experience complex | ||
| 300 | _a52p. | ||
| 500 | _a1BM11AT050 | ||
| 502 |
_8B,Arch _NBMS College of Architecture, Visvesvaraya Technological University (VTU) _aProject report _d2015 |
||
| 650 | _aNA | ||
| 700 |
_aSosmya M _eGuide |
||
| 700 |
_aChaitali Babar _eGuide |
||
| 942 |
_2ddc _cTHE |
||